| 000 | 00993nam a2200217Ia 4500 | ||
|---|---|---|---|
| 003 | Ost | ||
| 005 | 20260507074924.0 | ||
| 008 | 260507s9999||||xx |||||||||||||| ||und|| | ||
| 040 | _cfsecg | ||
| 041 | _aara | ||
| 082 | _a362.11068 | ||
| 100 |
_aالعنزي، سعد علي _eمؤلف |
||
| 245 | 0 |
_aالإدارة الصحية / _c سعد علي العنزي |
|
| 260 |
_aعمان: _bدار اليازوري العلمية, _c2009 |
||
| 300 |
_a360 صفحة؛ _bإيضاحات ؛ _c24 سم |
||
| 520 | _aأساسيات مهنة التمريض ومتطلباتها في المستشفيات، السرقات بالمستشفيات وتطوير المناخ الأخلاقي منها، السيطرة على عدوى المستشفيات المكتسبة ومتطلبات الجودة فيها، ادارة النفايات الطبية ووضع الخطط الناجحة | ||
| 653 | _aالادارة | ||
| 653 | _aالتخطيط | ||
| 653 | _aضبط الجودة | ||
| 942 | _cكتاب | ||
| 999 |
_c41815 _d41815 |
||